00455nam a22001577a 450000500170000001000150001702000260003203500130005803700130007108200110008410000220009524500620011726000370017927000590021630000220027520100816161459.0 aENG-100226 a9788190778220c110.00 aEN-83758 bDBAD/PUB a006.42 aShanmugapriya, J. aBasics of digital image processing /cby J. Shanmugapriya aChennaibSekar Pathippagamc2009 aNo. 66, Periyar Street, M.G.R. Nagar,bChennaie600078 a100p.c20cm (pbk)